| 000 | 00776cam a2200193 4500 | ||
|---|---|---|---|
| 001 | X111308 | ||
| 008 | 000000n2001 000 0 eng u | ||
| 035 | _a(Sirsi) u111308 | ||
| 245 | _aR v Huelin (VO) ex p Murphy; R v Hodgetts (VO) ex p Nationwide Building Society | ||
| 260 | _c2001 | ||
| 490 |
_aRating Appeals _v[2001] RA 30-40(11) |
||
| 520 | _aCA 2 November 1999. Transitional relief. Base Liability. Rateable value. Reduced rateable value for 31 March 1990. Certificate of transitional value [taken from journal headnote]. | ||
| 650 | _aR V HUELIN (VO) EX P MURPHY LTD | ||
| 650 | _aR V HODGETTS (VO) EX P NATIONWIDE BUILDING SOCIETY | ||
| 650 | _aTRANSITIONAL RELIEF | ||
| 650 | _aRATEABLE VALUE | ||
| 690 | _aRATING AND LOCAL TAXATION-CASE LAW | ||
| 942 | _n0 | ||
| 999 |
_c66328 _d66328 |
||